000 00946nam a22002897a 4500
001 BR7500026
003 BR-BrBNA
005 20230928084705.0
007 ta
008 230509b bl.||||| |||| 00| 0 por d
040 _aBR-BrBNA
_bpor
_cBiblioteca Nacional de Agricultura
041 _a(Spa)
072 _aH20
_b2120
_b4120
_b3875
_b/G514
090 _ 2120 BR7500026
100 1 _aMatiello, J.B.
110 1 _aGrupo Executivo de Racionalizacao da Cafeicultura, Rio de Janeiro, GB (Brasil);
_95495
110 1 _aInstituto Brasileiro do Cafe, Rio de Janeiro, GB
_95857
245 1 _aLa roya del cafeto en el Brasil. Estado actual, desarollo de los trabajos, control quimico [Ferrugem; Cafe; Controle quimico]
260 3 _aRio de Janeiro, GB (Brasil):
_c1973.
300 _a46 p.
650 _aCAFE
650 _aFERRUGEM
650 _aFUNGICIDA
650 _aCONTROLE QUIMICO
909 _a202309
_bLucia
_c55
_dLucia Elande
942 _cBK
999 _c20513
_d20513